Türkiyənin Vilayətləri - Statistics

General Stats
  • This quiz has been taken 106 times
  • The average score is 63 of 81
Answers on the Map
Answers color-coded by a green-red scale on the quiz's map according to % correct below.
 
Answer Stats
Province % Correct
Istanbul
94%
Adana
92%
Ankara
92%
İzmir
91%
Bursa
90%
Antalya
89%
Konya
89%
Ədirnə
88%
Şanlıurfa
88%
Çanaqqala
87%
Hatay
86%
Kırklareli
86%
Muğla
86%
Van
86%
Balıkesir
85%
Təkirdağ
85%
Afyonkarahisar
84%
Aydın
84%
Erzurum
84%
Hakkâri
84%
Mersin
84%
Trabzon
84%
Qaziantep
83%
Sinop
83%
Ağrı
82%
Rizə
82%
Samsun
82%
Adıyaman
81%
Artvin
81%
Iğdır
81%
Qəhrəmanmaraş
81%
Sivas
81%
Amasya
80%
Düzce
80%
Kocaeli
80%
Bolu
78%
Əskişəhər
78%
Karaman
78%
Ordu
78%
Qars
78%
Sakarya
78%
Yalova
78%
Yozqat
78%
Çorum
77%
Ərzincan
77%
Kırıkkale
77%
Osmaniyə
77%
Zonquldak
77%
Burdur
76%
Kilis
76%
Manisa
76%
Şırnaq
76%
Uşak
76%
Aksaray
75%
Diyarbəkir
75%
Giresun
75%
Kayseri
75%
Bartın
74%
Batman
74%
Bitlis
74%
Ərdəhan
74%
Gümüşxanə
74%
İsparta
74%
Mardin
74%
Dənizli
73%
Kastamonu
73%
Nevşəhər
72%
Bilecik
71%
Bayburt
70%
Çankırı
70%
Kütahya
70%
Muş
70%
Tokat
70%
Elazığ
69%
Niğdə
69%
Malatya
68%
Karabük
67%
Bingöl
66%
Tuncəli
66%
Siirt
60%
Kırşəhər
11%
No matching quizzes found
Score Distribution
Percent of People with Each Score
Percentile by Number Answered
Your Score History
You have not taken this quiz